Normal view
MARC view
Entry Personal Name
001 - CONTROL NUMBER
- control field: 19131
003 - CONTROL NUMBER IDENTIFIER
- control field: OSt
005 - DATE AND TIME OF LATEST TRANSACTION
- control field: 20240913135648.0
008 - FIXED-LENGTH DATA ELEMENTS
- fixed length control field: 240913|| aca||aabn | a|a d
040 ## - CATALOGING SOURCE
- Original cataloging agency: OSt
- Transcribing agency: OSt
100 ## - HEADING--PERSONAL NAME
- Personal name: Annabel Beerel
670 ## - SOURCE DATA FOUND
- Source citation: Work cat.: (OSt)9374: Beerel Annabel 19129, Leadership and Change Management., c2009
